000 00721nas a2200241 4500
001 BR6100344
003 BR-BrBNA
005 20231205082137.0
007 ta
008 230509b bl.|||p| |||| 00| 00por d
040 _aBR-BrBNA
_bpor
_cBiblioteca Nacional de Agricultura
041 _a(Pt)
072 _aH10; H20
100 1 _aLordello, L.G.E.
100 1 _aJoly, S.
245 1 _aNematodeos e bacterias em folhas de alcachofra
650 _aALCACHOFRA REDONDA
650 _aNEMATOIDE
650 _aBACTERIA
773 0 _tAnais da Escola Superior de Agricultura Luiz de Queiroz (Brazil)
_xISSN 0071-1276
_g(1961), v. 18 p. 243-249
_wBR6100344
909 _a202311
_bLúcia
_c55
_dLúcia Elande
942 _2AGRIS
_n0
_cANA
999 _c89486
_d89486